000 01230nam a22003617a 4500
003 CHAP
005 20220329135500.0
008 971013s1978 r 00010 d
010 _a37298
011 _a38270
035 _a42390
040 _cCHAP
082 _a595.7
_bO8
100 0 0 _aOster, George F.
_984267
245 _aCaste and ecology in the social insects
260 _aPrinceton, N. J. :
_bPrinceton University,
_c1978
300 _a352 p.
_b: ilus.
490 _aMonographs in population biology
_v; 12
590 _aBATCH-UPD
_b10
_c20130109
_lUCH01
_h2336
590 _aBATCH-UPD
_b10
_c20130110
_lUCH01
_h1417
590 _aBATCH-UPD
_b10
_c20130410
_lUCH01
_h0901
590 _aBATCH-UPD
_b10
_c20130914
_lUCH01
_h1235
590 _aCONVERSION
_b10
_c20130109
_lUCH01
_h1321
650 1 4 _aEcología de insectos.
_935172
650 1 4 _aInsectos
_xHábitos y conducta.
_958927
650 1 4 _aSociedades de insectos.
_9108145
700 0 _aWilson, Edward O.
_9122189
830 0 _aMonographs in population biology
_v; 12
_977609
901 _aBK
942 _cLIBRO
949 _a595.7 O8
_bBC
_cLIBRO
_d33724000347944
_eLIBRO
_h55632
_i42390
_si
949 _a595.7 O8
_bBC
_cLIBRO
_d33724000347951
_eLIBRO
_fc.2
_h55633
_i42390
_si
999 _c37298
_d37298